000 00507nam a22001697a 4500
005 20251108175210.0
008 250721s1999 xx 000 0 ara d
082 1 4 _a814/بوب
100 1 _aبوبو، مسعود
245 1 0 _aالصوت والصدى /
264 1 _aدمشق _ سوريا :
_bمنشورات اتحاد الكتاب العربي،
_c1999.
300 _a473ص.
650 1 7 _aالادب العربي
650 1 7 _aالمقالات الادبية
942 _2ddc
_cBK
999 _c128479
_d128479